Před branami podsvětí /
Zmocněte se spolu s Ysoldou magie, která by mohla zachránit svět - nebo ho zničit. Závěrečný díl Geomantské trilogie.
Uloženo v:
| Série: | Geomantská trilogie,
část 3 |
|---|---|
| Hlavní autor: | |
| Další autoři: | |
| Médium: | Kniha |
| Jazyk: | Czech |
| Vydáno: |
Praha :
Slovart, s.r.o.,
2025
|
| Vydání: | Vydání první |
| Edice: | Booklab
|
| Témata: | |
| Celkem bylo vypůjčeno: | 0x |
| Příbuzné jednotky: | Z cyklu::
Geomantská trilogie |
| Tagy: |
Žádné tagy |
| LEADER | 02565nam a2200505 i 4500 | ||
|---|---|---|---|
| 001 | 106684 | ||
| 003 | CZ PrNK | ||
| 005 | 20260630151958.0 | ||
| 007 | ta | ||
| 008 | 260603s2025 xr a c 000 f cze | ||
| 015 | |a cnb003761647 | ||
| 020 | |a 9788027612925 |q (brožováno) : |c Kč 499,00 | ||
| 040 | |a ABG001 |b cze |e rda | ||
| 041 | 1 | |a cze |h eng | |
| 072 | 7 | |a 821.111-3 |x Anglická próza, anglicky psaná |2 Konspekt |9 25 | |
| 072 | 7 | |a 821-93 |x Literatura pro děti a mládež (beletrie) |2 Konspekt |9 26 | |
| 080 | |a 821.111-31 |2 MRF | ||
| 080 | |a 821-93 |2 MRF | ||
| 080 | |a (0:82-312.9) |2 MRF | ||
| 100 | 1 | |a Hargrave, Kiran Millwood, |c 1990- |d 1990- |7 xx0219040 |4 aut | |
| 240 | 1 | 0 | |a Ship of Strays. |l Česky |
| 245 | 1 | 0 | |a Před branami podsvětí / |c Kiran Millwood Hargraveová ; z anglického originálu The Ship of Strays ... přeložila Anežka Mann |
| 250 | |a Vydání první | ||
| 264 | 1 | |a Praha : |b Slovart, s.r.o., |c 2025 | |
| 300 | |a 420 stran : |b ilustrace ; |c 21 cm | ||
| 336 | |a text |b txt |2 rdacontent | ||
| 337 | |a bez média |b n |2 rdamedia | ||
| 338 | |a svazek |b nc |2 rdacarrier | ||
| 490 | 1 | |a #Booklab | |
| 500 | |a Na hřbetu knihy uvedeno číslo 3 | ||
| 520 | 2 | |a Zmocněte se spolu s Ysoldou magie, která by mohla zachránit svět - nebo ho zničit. Závěrečný díl Geomantské trilogie. |b Po řadě dobrodružství a předlouhé cestě za tajuplnou prastarou dívkou Ysolda odhalila magii Země a její moc v ní nadále sílí. Podaří se jí skutečně zjistit, jaké to je létat nebo ovládnout stvoření z vodních hlubin? S rebelskou princeznou Eirou po boku se vydává do poslední fáze závodu s krutou Vlčí královnou, jehož cílem je Brána pekel. Čeká je bouřlivá pouť přes moře, setkání s piráty a střety s živly, vpřed je však žene vědomí, že v sázce je teď osud celého světa... Nakladatelská anotace. | |
| 655 | 7 | |a anglické romány |7 fd131814 |2 czenas |9 53421 | |
| 655 | 7 | |a fantasy romány |7 fd184199 |2 czenas |9 54250 | |
| 655 | 7 | |a publikace pro děti |7 fd133156 |2 czenas |9 23 | |
| 655 | 9 | |a English fiction |2 eczenas | |
| 655 | 9 | |a fantasy novels |2 eczenas | |
| 655 | 9 | |a children's literature |2 eczenas | |
| 700 | 1 | |a Mann, Anežka, |d 1999- |7 xx0252194 |4 trl |9 115433 | |
| 710 | 2 | |a Nakladatelství Slovart |7 kn20101109023 |4 pbl |9 117265 | |
| 787 | 0 | 8 | |i Z cyklu: |t Geomantská trilogie |g 3 |
| 830 | 0 | |a Booklab | |
| 910 | |a UOG502 | ||
| 942 | |2 ddc |c KN | ||
| 999 | |d 106684 | ||
| 993 | |0 0 |1 421180107409 |2 ddc |4 0 |6 M_I |7 0 |9 100187 |b 0 |c 107409 |d 2026-06-30 |e 0 |f M |g M/I |h 499.00 |i Koupě |l M |r 2026-06-30 |t 8 |w 2026-06-30 |y KN |z BELET |n | ||